00567nam a2200169Ia 4500008004100000100002100041245008300062245002100145260005900166260000900225300001200234650001800246650001500264856002600279999001900305952007300324170221s9999 xx 000 0 und d aÖzgül Birsen aProgrammer or Moderator: Redefining the Listener on Interactive Broadcasting  cÖzgül Birsen bOnline Journal of Communication and Media Technologies c2014 aXII : 1 xCommunication xMedia Arts uhttp://www.ojcmt.net/ c308773d308773 001040aCLbCLd2017-02-21l0r2017-02-21 00:00:00w2017-02-21yFOJ